000 00799nam a2200241 a 4500
001 BRL_1810
005 20190320211358.0
008 050815s1983----mx-#######---#000-0#spa-#
020 _a9681314395
041 _aspa
044 _amx
050 4 _aF1228.9
_b.T53 1983
100 1 _aTibón, Gutierre
_922612
245 1 0 _aAventuras en México (1937-1983)
_bcon los elogios de los Estados desde Aguascalientes hasta Zacatecas, dos incursiones en el Exméxico y un índice de más de 2600 nombres
_cGutierre Tibón.
260 _aMéxico
_bEditorial Diana
_c1983
300 _a410 p.
_c23 cm.
500 _aAu2097
500 _aIncluye índice de nombre de dioses, santos y personas.
504 _aBibliografía: p. 296.
650 1 4 _aMéxico
_xHistoria
_9564
902 _aGRL
942 _2lcc
_cB
999 _c10618
_d10618